Cómo hacer que la gente haga cosas / (Registro nro. 11201)

Detalles MARC
000 -LEADER
fixed length control field 01010nam a2200361 b 4500
001 - CONTROL NUMBER
control field 006992
003 - CONTROL NUMBER IDENTIFIER
control field DO-SdBNP
005 - DATE AND TIME OF LATEST TRANSACTION
control field 20160829111920.0
007 - PHYSICAL DESCRIPTION FIXED FIELD--GENERAL INFORMATION
fixed length control field 006992
008 - FIXED-LENGTH DATA ELEMENTS--GENERAL INFORMATION
fixed length control field 971010s1981 mx | ||| ||spa
016 7# - NATIONAL BIBLIOGRAPHIC AGENCY CONTROL NUMBER
Record control number
Source BPMSU
017 ## - COPYRIGHT OR LEGAL DEPOSIT NUMBER
Copyright or legal deposit number
Assigning agency
020 ## - INTERNATIONAL STANDARD BOOK NUMBER
International Standard Book Number 9684192800
035 ## - SYSTEM CONTROL NUMBER
System control number
040 ## - CATALOGING SOURCE
Original cataloging agency BPMSU
Language of cataloging spa
Transcribing agency BPMSU
Description conventions
041 1# - LANGUAGE CODE
Language code of text/sound track or separate title spa
Language code of original
080 #0 - UNIVERSAL DECIMAL CLASSIFICATION NUMBER
Universal Decimal Classification number
082 ## - DEWEY DECIMAL CLASSIFICATION NUMBER
Classification number 158.1
Item number C752c
100 1# - MAIN ENTRY--PERSONAL NAME
Personal name Conklin, Robert
240 10 - UNIFORM TITLE
Uniform title <a href="How to get people to do things ">How to get people to do things </a>
Language of a work Español
245 1# - TITLE STATEMENT
Title Cómo hacer que la gente haga cosas /
Medium
Statement of responsibility, etc. Robert Conklin ; traducción de María Antonia Menini
250 ## - EDITION STATEMENT
Edition statement
260 ## - PUBLICATION, DISTRIBUTION, ETC. (IMPRINT)
Place of publication, distribution, etc. Barcelona :
Name of publisher, distributor, etc. Grijalbo,
Date of publication, distribution, etc. 1981
300 ## - PHYSICAL DESCRIPTION
Extent 290 p. ;
Dimensions 21 cm
490 ## - SERIES STATEMENT
Series statement Autoayuda y superación
650 #7 - SUBJECT ADDED ENTRY--TOPICAL TERM
Topical term or geographic name as entry element SEGURIDAD (PSICOLOGÍA)
Source of heading or term
650 #7 - SUBJECT ADDED ENTRY--TOPICAL TERM
Topical term or geographic name as entry element MOTIVACIÓN (PSICOLOGÍA)
650 #7 - SUBJECT ADDED ENTRY--TOPICAL TERM
Topical term or geographic name as entry element
Source of heading or term
700 ## - ADDED ENTRY--PERSONAL NAME
Personal name Menini Pagés, María Antonia,
Relator term tr.
830 ## - SERIES ADDED ENTRY--UNIFORM TITLE
Uniform title Autoayuda y superación
942 ## - ADDED ENTRY ELEMENTS (KOHA)
Source of classification or shelving scheme Dewey Decimal Classification
Koha item type Libros
956 ## - LOCAL ELECTRONIC LOCATION AND ACCESS (OCLC)
Host name VMATEO
Access number 10
Compression information 20160829
Path BPMSU
Electronic name 0069
Existencias
Withdrawn status Lost status Source of classification or shelving scheme Damaged status Not for loan Collection code Home library Current library Date acquired Source of acquisition Total Checkouts Full call number Barcode Date last seen Price effective from Koha item type
    Dewey Decimal Classification       Biblioteca Pública Metropolitana Salomé Ureña Biblioteca Pública Metropolitana Salomé Ureña 08/29/2016 FUNDI   158.1 C752c BPMET16080245 08/29/2016 08/29/2016 Libros